00646nam a2200193Ia 4500952013100000999001700131003000400148005001700152008004100169040000900210082001800219100003400237245005500271250001200326260004300338300000900381650002000390942004200410 00102ddc40708ISLAMaMESbMEScISLd2019-02-20g125.00l0o297.64 PUL/Sp22442r2019-02-20 00:00:00w2019-02-20yBKzGL47R1 c22404d22404OSt20200214145548.0190216s9999||||xx |||||||||||||| ||und|| coclc a297.64bPUL/S aPullankodu, Abdulkhader91994 0aSahaabimarude Charithram /cAbdulkhader Pullankodu a1st ed. bAl-Huda Book Stall,c1995.aKozhikode: a572p aIslamic History cBK2ddch297.64iPUL/Sk297.64mPUL/S